All cities of Mongolia - Statistics

General Stats
  • This quiz has been taken 45 times
  • The average score is 9 of 25
Answer Stats
Answer % Correct
Ulaanbaatar
96%
Erdenet
74%
Darkhan
63%
Khovd
52%
Moron
52%
Choibalsan
48%
Olgii
44%
Ulaangom
41%
Choir
37%
Sainshand
37%
Sukhbaatar
37%
Altai
33%
Dalanzadgad
33%
Tsetserleg
33%
Bulgan
30%
Uliastai
30%
Baruun-Urt
26%
Bayankhongor
22%
Nalaikh
22%
Zuunmod
22%
Mandalgovi
19%
Ondorkhaan
19%
Arvaikheer
15%
Baganuur
11%
Zamyn-Uud
4%
No matching quizzes found
Score Distribution
Percent of People with Each Score
Percentile by Number Answered
Your Score History
You have not taken this quiz